| 000 | 00722nam a2200205Ii 4500 | ||
|---|---|---|---|
| 003 | JO-AjNU | ||
| 008 | 230605s9999||||xx |||||||||||||| ||und|| | ||
| 017 | _a2006/2/443 | ||
| 040 |
_aJO-AjNU _bara _erda _cJO-AjNU |
||
| 041 | _aara | ||
| 050 | 1 | 4 | _aPJ7832.F5 2006 |
| 100 | 3 |
_aتأليف الخريشا،فتحي فايز أبو دخينا (أبو أكبر), _eauthor _920063 |
|
| 245 | 0 | 0 | _aإشتعالات المقاومة..والإرهاب |
| 264 | 3 | 1 | _aعمان:المؤلف،2006 |
| 300 | _a131ص | ||
| 336 |
_atext _btxt _2rdacontent |
||
| 337 |
_aunmediated _bn _2rdamedia |
||
| 338 |
_avolume _bnc _2rdacarrier |
||
| 650 | 4 |
_aالأدب العربي - الإرهاب - الثقافة الجماهيرية _920064 |
|
| 999 |
_aA6734 _c10302 _d10302 |
||